| Registos Bibliográficos associados ao registo de autoridade |
|
Etiqueta de registo: 00000nkm 2200025 450 001 2281161 003 http://id.bnportugal.gov.pt/bib/catbnp/2281161 100 ## $a20260317d1989 m y0pory01030103ba 101 0# $apor 102 ## $aPT 200 1# $a2º Congresso de Folclore do Ribatejo, Convento de S. Domingos, Abrantes, 10 a 12 de
fevereiro de 1989$bVisual gráfico]$fOrganização da Região de Turismo do Ribatejo 210 #9 $aSantarém$cRegião de Turismo do Ribatejo,$d1989 215 ## $a1 cartaz$cp&b.$d39,2x29,4 cm 317 ## $aColeção Madeira Luís 710 02 $aCongresso de Folclore do Ribatejo,$d2,$eAbrantes,$f1989$31993162 712 01 $aPortugal.$bRegião de Turismo do Ribatejo$4557$325339 801 #0 $aPT$bBN$gRPC 966 ## $lBN$mICONOG$sCT. 16813 V.$x3 971 ## $cCaticonografia2$d20260317 972 ## $d20260422$e1$vmferro$z0 995 ## $aPRR2026
|
|
|